| 000 | 00578cam a2200217 4500 | ||
|---|---|---|---|
| 001 | D6474 | ||
| 008 | 090401t1982 xxu||||| |||| 00| 0 eng d | ||
| 035 | _a(Sirsi) u1059 | ||
| 041 | _aeng | ||
| 050 | _a693.834 | ||
| 100 | _aLangdon, F.J. | ||
| 245 | _aNoise from neighbours and the sound insulation of party walls in houses | ||
| 260 |
_aGarston, Watford _bBuilding Research Establishment _c1982 |
||
| 300 | _a4p. 30cm | ||
| 350 | _a0 | ||
| 490 |
_aInformation Paper _v13/82 |
||
| 700 | _aBuller, I.B. | ||
| 700 | _aScholes, W.E. | ||
| 942 | _n0 | ||
| 948 | _c04/03/1997 | ||
| 999 |
_c85620 _d85620 |
||